Normal view
MARC view
- Lijphart, Arend
Entry Personal Name
001 - CONTROL NUMBER
- control field: 15127
003 - CONTROL NUMBER IDENTIFIER
- control field: OSt
005 - DATE AND TIME OF LATEST TRANSACTION
- control field: 20260204151643.0
008 - FIXED-LENGTH DATA ELEMENTS
- fixed length control field: 260204|| aca||aabn | a|a d
040 ## - CATALOGING SOURCE
- Original cataloging agency: OSt
- Transcribing agency: OSt
100 ## - HEADING--PERSONAL NAME
- Personal name: Lijphart, Arend
670 ## - SOURCE DATA FOUND
- Source citation: Work cat.: (OSt)5995: Lijphart, Arend /, Democracies:, c[1984]